Arbitrio sobre la riqueza provincial : Productos gravados : Tarifa : Normas que han de servir de base para la ordenanza fiscal / Diputación Provincial de Barcelona Productos gravados :
Descripción Física:
12 p. ; 24 cm
MARC
| LEADER | 00000nam a2200000Ia 4500 | ||
|---|---|---|---|
| 001 | 8197 | ||
| 008 | 160829s1954 xx 000 0 cat d | ||
| 080 | |a FU-8-29 | ||
| 110 | 1 | |a Barcelona (Catalunya : Província). |b Diputació |9 52408 | |
| 245 | |a Arbitrio sobre la riqueza provincial : |b Productos gravados : |b Tarifa : |b Normas que han de servir de base para la ordenanza fiscal / Diputación Provincial de Barcelona | ||
| 260 | |a Barcelona : |b Diputació, |c 1954 | ||
| 300 | |a 12 p. ; |c 24 cm | ||
| 650 | 0 | |a Impostos locals |x Barcelona (Catalunya : Província) |9 22985 | |
| 856 | 4 | |u https://media.diba.cat/diba/fitxers/arxiu/fulletons/bib_8197_1954_baixa.pdf |y Accés lliure | |
| 856 | 4 | |u https://media.diba.cat/diba/fitxers/arxiu/fulletons/bib_8197_1954_baixa.pdf |y Accés lliure | |
| 901 | |a Arxiu | ||
| 942 | |n 1 |2 udc | ||
| 952 | |0 0 |1 0 |4 0 |6 FU829 |7 1 |9 42402 |a Arxiu |b Arxiu |d 2016-12-01 |l 0 |o FU-8-29 |p 8197 |r 2016-12-01 00:00:00 |w 2016-12-01 |y ARXIU | ||
| 999 | |c 44907 |d 44907 | ||
| 900 | |a bib_8197_1954_baixa.pdf | ||